书目信息 |
| 题名: |
脉冲电路习题集
|
|
| 作者: | 营谷光雄 , 中村征寿 ;何希才 译 | |
| 分册: | ||
| 出版信息: | 北京 科学出版社 2001.01 |
|
| 页数: | 204页 | |
| 开本: | 20cm | |
| 丛书名: | 图解电子电路习题集系列4 | |
| 单 册: | ||
| 中图分类: | TN , TN78-44 | |
| 科图分类: | ||
| 主题词: | 脉冲技术 , 脉冲电路 | |
| 电子资源: | ||
| ISBN: | 7-03-008849-2 | |
| 000 | 00829nam0 2200265 45 | |
| 001 | 0256064922 | |
| 005 | 2002110815342493 | |
| 010 | @a7-03-008849-2@dRMB 14.00 | |
| 100 | @a20021108d2001 km y0chiy0120 ea | |
| 101 | 0 | @achi |
| 102 | @aCN@b110000 | |
| 200 | 1 | @a脉冲电路习题集@Amai chong dian lu xi ti ji@f(日)营谷光雄,中村征寿@F(Ri)Ying Gu Guang Xiong,Zhong Cun Zheng Shou@g何希才译@GHe Xi Cai Yi |
| 210 | @a北京@c科学出版社@d2001.01 | |
| 215 | @a204页@d20cm | |
| 225 | 2 | @a图解电子电路习题集系列4 |
| 410 | 0 | @12001 @a图解电子电路习题集系列4 |
| 606 | 0 | @a脉冲技术 |
| 606 | 0 | @a脉冲电路 |
| 690 | @aTN@v3 | |
| 690 | @aTN78-44@v4 | |
| 701 | 0 | @a营谷光雄@AYing Gu Guang Xiong |
| 701 | 0 | @a中村征寿@AZhong Cun Zheng Shou |
| 702 | 0 | @a何希才@AHe Xi Cai@4译 |
| 801 | 0 | @aCN@bPFT@c20021108 |
| 905 | @a10447@dTN78-44@eY639 | |
| 脉冲电路习题集/(日)营谷光雄,中村征寿/何希才译.-北京:科学出版社,2001.01 |
| 204页;20cm.-(图解电子电路习题集系列4) |
| ISBN 7-03-008849-2:RMB 14.00 |
| ● |
| 相关链接 |
|
|
|
正题名:脉冲电路习题集
索取号:TN78-44/Y639
 
预约/预借
| 序号 | 登录号 | 条形码 | 馆藏地/架位号 | 状态 | 备注 |
| 1 | 368244 | 203682443 | 自科库301/301自科库 32排1列3层/ [索取号:TN78-44/Y639] | 在馆 | |
| 2 | 368245 | 203682452 | 自科库301/301自科库 32排1列3层/ [索取号:TN78-44/Y639] | 在馆 | |
| 3 | 368246 | 203682461 | 自科库301/404自科库 3排5列4层/ [索取号:TN78-44/Y639] | 在馆 |